| 000 | 00614nam a2200181Ia 4500 | ||
|---|---|---|---|
| 001 | 3915 | ||
| 005 | 20260306145718.0 | ||
| 008 | 260306t2010||||xx |||||||||||||| ||spa|| | ||
| 041 | _aESP | ||
| 082 |
_a305.42 _bI59C |
||
| 100 |
_aInstituto Interamericano de Derechos Humanos _eAUT |
||
| 245 | 2 |
_aA tres décadas de la convención sobre la eliminación de todas las formas de discriminación contra la mujer (CEDAW) en Centroamérica: _bavances para las mujeres en zonas rurales e indígenas |
|
| 260 | _c2010 | ||
| 300 |
_a140 páginas : _c21 cm. |
||
| 650 | _aGEN | ||
| 654 | _aCHU | ||
| 942 |
_cLIB _dJUS _fJUS _2ddc _n |
||
| 999 |
_c3915 _d3915 |
||